Klinický případ: Bolestivé papuly nohou

Bibliographic Details
Main Authors: Kuklová, I. (Author), Štork, J. (Author), Lacina, L. (Author), Šlajsová, M. (Author), Kodet, O. (Author)
Format: Article
Language:Czech

MARC

LEADER 00000nab a2200000uu 4500
001 vtls011135906
003 SK-MaSNL
005 20260303125304.0
008 230218|2011 xo |||||||||||||||||cze|
015 |a SNBRB 
035 |a (urnnbn)urn:nbn:sk:snk:ar-007p3o 
035 |a (uuid)b424932b-1aa7-40f8-ac7e-13f5e58fde5f 
035 |a urn:nbn:sk:snk-abaovn 
040 |a SNKBUCL  |b slo  |c SNKBUCL  |e AACR2 
041 0 |a cze 
044 |a xo  |c SK 
100 1 |a Kuklová, I.  |4 aut  |9 1143563 
245 1 0 |a Klinický případ: Bolestivé papuly nohou  |c I. Kuklová, J. Štork, L. Lacina, M. Šlajsová, O. Kodet 
700 1 |a Štork, J.  |4 aut  |9 1143508 
700 1 |a Lacina, L.  |4 aut  |9 1143526 
700 1 |a Šlajsová, M.  |4 aut  |9 1143548 
700 1 |a Kodet, O.  |4 aut  |9 1143527 
773 0 |t Česko-slovenská dermatologie : časopis dermatovenerologických společností  |g Roč. 86, č. 5 (2011), s. 241-243 
954 |a odborná, vedecká literatúra cudzojazyčná (svetová)  |2 lita 
958 |a OND 
958 |a EUIPO 
958 |a article14 
999 |c 1934021  |d 1935951